000 01466nam0a22003011 4500
001 v19\rc\1884002
005 20251118180334.1
035 _a(NLR Aleph) 004972947
090 _a6104013
_c6104013
100 _a20251123 rusy50
101 0 _arus
102 _aRU
105 _ay z |||||
200 1 _aГипноз в медицине, юриспруденции и в педагогии
_f[Соч.] Р.Л. Сабсовича
_g(Из Рост. н/Д гор. больницы)
210 _aРостов-на-Дону
_cЭлектро-печ. А.И. Тер-Абрамиан
_d[1910]
215 _a17 с.
_d24
309 _aБез тит. л. и обл.
311 _aОтт. из "Тр. и протоколов заседаний О-ва врачей городов Ростова и Нахичевани н/Д". 1910, вып. 6
488 0 _12001#$aТруды и протоколы заседаний Общества врачей городов Ростова и Нахичевани н/Д$v1910, вып. 6
_tТруды и протоколы заседаний Общества врачей городов Ростова и Нахичевани н/Д
700 1 _aСабсович
_bР.Л.
_f1857-
_gРафаель Лазаревич
801 0 _aRU
_bNLR
_gpsbo
801 0 _aRU
_bRuMoRGB
_2psbo
801 1 _aRU
_bProSoft-M
_2rusmarc
852 _aNLR
_j20.81.8.352
899 _aБАН
899 _aRuMoRGB
_jV 120/2152
942 _cBOOK
980 _aNB